LEADER 01030nam a2200217 u 4500 001 000000024666 003 CaOOAMICUS 005 20070226111358.0 008 950627s1827 it u000 u ita u 035 $a10627675 040 $aPUL(R)$bita 100 1 $aVicini, Giovanni,$d1771-1845.$0(OLS)http://pul/name/20560 245 10$aCausa di simultanea successione di cristiani e di ebrei ad intestata ereditą di un loro congiunto, voto consultivo /$cGiovanni Vicini. 260 $aBologna :$bTipi del Nobili,$c1827. 300 $a154 p. ;$c21 cm 650 4$aEreditą e successione.$0(OLS)http://pul/subject/992 850 $aPUL 852 $aPUL$W1$xDP1 Antico 800$y27$m172 I 44$j34521$nBK-PRI$b $qStampati Antico$B34521$CPULBib$Z2$F34521 $H $81 941 1 $a15 996 $6245$aCausa di simultanea successione di cristiani e di ebrei ad intestata ereditą di un loro congiunto, voto consultivo$9(OLS)http://pul/title/34081 996 $6260$aBologna :$bTipi del Nobili$9(OLS)http://pul/publisher/58558 LEADER 01357nam a2200301 u 4500 001 000000079417 003 CaOOAMICUS 005 20070226123533.0 008 040603s2001 it u000 u ita u 020 $a8822140060 035 $a10997620 040 $aPUL$bita 245 12$aL'educazione del'uomo completo :$bscritti in onore di Mario Alighiero Manacorda /$ca cura di Angelo Semeraro. 260 $a[Firenze] :$bLa Nuova Italia,$c2001. 300 $aXIII, 372 p. ;$c21 cm 490 1 $aEducatori antichi e moderni ;$v554 500 $aContiene indici. 504 $aBibliografia in nota. 600 14$aManacorda, Mario Alighiero,$d1914-$0(OLS)http://pul/subject/27588 700 1 $aManacorda, Mario Alighiero,$d1914-$0(OLS)http://pul/name/40947 700 1 $aSemeraro, Angelo.$0(OLS)http://pul/name/36317 830 0$aEducatori antichi e moderni ;$v554.$0(OLS)http://pul/title/13529 850 $aPUL 852 $aPUL$W1$xSL Diritto e Scienze Sociali 3$y79$m370 SEMAN 1$j101627$nBK-PRI$qDDC 21$B101627$CPULBib$Z2$F101627 $HPUL94783 $82 941 1 $a9 996 $6020$a8822140060$9(OLS)http://pul/number/104397 996 $6245$aL'educazione del'uomo completo :$bscritti in onore di Mario Alighiero Manacorda$9(OLS)http://pul/title/104003 996 $6260$a[Firenze] :$bLa Nuova Italia$9(OLS)http://pul/publisher/51021